Catálogo
 En Linea

Cristoforo Colombo libri VIII di Lorenzo Costa. (Registro nro. 33138)

Detalles MARC
000 -CABECERA
campo de control de longitud fija 00433nam a2200133 a 4500
001 - NÚMERO DE CONTROL
campo de control 000033647
005 - FECHA Y HORA DE LA ÚLTIMA TRANSACCIÓN
campo de control 20200930070418.0
008 - DATOS DE LONGITUD FIJA--INFORMACIÓN GENERAL
campo de control de longitud fija 110902s1846 sp 000 0 spa d
040 ## - FUENTE DE LA CATALOGACIÓN
Centro catalogador/agencia de origen DO-SdBNP
Lengua de catalogación spa
Centro/agencia transcriptor BNPHU
245 00 - MENCIÓN DE TÍTULO
Título Cristoforo Colombo libri VIII di Lorenzo Costa.
260 ## - PUBLICACIÓN, DISTRIBUCIÓN, ETC.
Lugar de publicación, distribución, etc. Génova :
Nombre del editor, distribuidor, etc. Tipografia del fratelli ponthenier,
Fecha de publicación, distribución, etc. 1846.
300 ## - DESCRIPCIÓN FÍSICA
Extensión 354 p. ;
Dimensiones 24 cm.
500 ## - NOTA GENERAL
Nota general Al magnifico corpo decurionale della citta de Génova
Existencias
Estado de retiro Estado de pérdida Restricciones de uso No para préstamo Código de colección Localización permanente Ubicación/localización actual Ubicación en estantería Fecha de adquisición Número de inventario Total de préstamos Signatura topográfica completa Código de barras Fecha visto por última vez Precio válido a partir de Tipo de ítem Koha
      Excluido de préstamo Monografías: Libros y Folletos General General En catalogación 02.09.2011 LF1   33647-10 25.06.2020 25.06.2020 No se presta

Con tecnología Koha